Liaison and communication (Record no. 75108)

MARC details
000 -LEADER
fixed length control field 00634cab a2200181 4500
001 - CONTROL NUMBER
control field L129444
008 - FIXED-LENGTH DATA ELEMENTS--GENERAL INFORMATION
fixed length control field 050420n2005 000 0 eng u
035 ## - SYSTEM CONTROL NUMBER
System control number (Sirsi) u129444
041 ## - LANGUAGE CODE
Language code of text/sound track or separate title eng
100 ## - MAIN ENTRY--PERSONAL NAME
Personal name Pearson, David
245 ## - TITLE STATEMENT
Title Liaison and communication
260 ## - PUBLICATION, DISTRIBUTION, ETC.
Date of publication, distribution, etc. 2005
490 ## - SERIES STATEMENT
Series statement Facilities Management
Volume/sequential designation 12(7) April 2005, 20-21(2)
520 ## - SUMMARY, ETC.
Summary, etc. Highlights the importance of clear communication throughout the supply chain and collaboration between all parties following the outbreak of legionnaires' disease in Barrow-in-Furness.
590 ## - LOCAL NOTE (RLIN)
Local note IKA290405
690 ## - LOCAL SUBJECT ADDED ENTRY--TOPICAL TERM (OCLC, RLIN)
Topical term or geographic name as entry element MANAGEMENT-FACILITIES MANAGEMENT
942 ## - ADDED ENTRY ELEMENTS (KOHA)
Suppress in OPAC 0
Holdings
Withdrawn status Lost status Source of classification or shelving scheme Damaged status Not for loan Home library Current library Shelving location Date acquired Total Checkouts Full call number Barcode Date last seen Copy number Price effective from Koha item type
    Dewey Decimal Classification     London London Journal article 20/04/2005   L129444 129444-1001 06/08/2019 1 06/08/2019 Journal article